Účtovanie dobropisov - preplatkov v obci, rozpočtovej organizácii a príspevkovej organizácii
Príspevok je dokončením článku o účtovaní dobropisov, ktorý je venovaný dobropisom za bežné účtovné obdobie.
Uložené v:
| Hlavný autor: | |
|---|---|
| Médium: | Kapitola |
| Jazyk: | Slovak |
| Predmet: | |
| Tagy: |
Žiadne tagy, Buďte prvý, kto otaguje tento záznam!
|
MARC
| LEADER | 00000naa a2200000 4500 | ||
|---|---|---|---|
| 001 | 0305940 | ||
| 005 | 20250108135544.1 | ||
| 041 | 0 | |a slo | |
| 044 | |a SK | ||
| 245 | 1 | 0 | |a Účtovanie dobropisov - preplatkov v obci, rozpočtovej organizácii a príspevkovej organizácii |c Terézia Urbanová |
| 520 | |a Príspevok je dokončením článku o účtovaní dobropisov, ktorý je venovaný dobropisom za bežné účtovné obdobie. | ||
| 610 | 2 | 0 | |a účtovanie |
| 610 | 2 | 0 | |a obce |
| 610 | 2 | 0 | |a preplatky |
| 610 | 2 | 0 | |a organizácie rozpočtové |
| 610 | 2 | 0 | |a organizácie príspevkové |
| 610 | 2 | 0 | |a obdobie účtovné |
| 100 | 1 | |a Urbanová, Terézia | |